Non Profit Management: principles and Practice (Record no. 5266)
[ view plain ]
| 005 - DATE AND TIME OF LATEST TRANSACTION | |
|---|---|
| control field | 20250626093545.0 |
| 020 ## - INTERNATIONAL STANDARD BOOK NUMBER | |
| International Standard Book Number | 9781483375991 |
| 100 ## - MAIN ENTRY--PERSONAL NAME | |
| Author name | WORTH, M. J |
| 245 ## - TITLE STATEMENT | |
| Title | Non Profit Management: principles and Practice |
| 250 ## - EDITION STATEMENT | |
| Edition statement | 4th Ed |
| 260 ## - PUBLICATION, DISTRIBUTION, ETC. | |
| Place of publication, distribution, etc. | New Delhi |
| Name of publisher, distributor, etc. | Usage |
| Date of publication, distribution, etc. | 2017 |
| 300 ## - PHYSICAL DESCRIPTION | |
| Extent | xxiii, 510p.: ill; Table |
| Other physical details | Refference& Index |
| Dimensions | 25cm |
| 942 ## - ADDED ENTRY ELEMENTS (KOHA) | |
| Source of classification or shelving scheme | Dewey Decimal Classification |
| Koha item type | Books |
| Date last seen | Total checkouts | Full call number | Barcode | Koha item type | Lost status | Source of classification or shelving scheme | Damaged status | Not for loan | Withdrawn status | Home library | Current library | Shelving location | Source of acquisition | Price effective from | Date acquired |
|---|---|---|---|---|---|---|---|---|---|---|---|---|---|---|---|
| 06/26/2025 | 658.048 WOR | MBY000709 | Books | Dewey Decimal Classification | CBE MBEYA | CBE MBEYA | General Collection | Donation | |||||||
| 06/26/2025 | 658.048 WOR | MBY000710 | Books | Dewey Decimal Classification | CBE MBEYA | CBE MBEYA | General Collection | Donation | 06/26/2025 | 06/26/2025 | |||||
| 06/26/2025 | 658.048 WOR | MBY000711 | Books | Dewey Decimal Classification | CBE MBEYA | CBE MBEYA | General Collection | Donation | 06/26/2025 | 06/26/2025 | |||||
| 06/26/2025 | 658.048 WOR | MBY000712 | Books | Dewey Decimal Classification | CBE MBEYA | CBE MBEYA | General Collection | Donation | 06/26/2025 | 06/26/2025 |
